[Event "Berlin op 05"]
[Site "Berlin"]
[Date "2006.05.28"]
[Round "7"]
[White "Schacht, Thomas"]
[Black "Kowarsch, Heiner"]
[Result "0-1"]
[WhiteElo "1315"]
[BlackElo "1008"]
[PlyCount "132"]
[EventDate "2006.05.24"]
[EventType "swiss"]
[EventRounds "7"]
[EventCountry "GER"]
[SourceTitle "EXT 2007"]
[Source "ChessBase"]
[SourceDate "2006.11.23"]
[SourceVersion "1"]
[SourceVersionDate "2006.11.23"]
[SourceQuality "1"]

1. e4 c6 2. d4 d5 3. Nc3 dxe4 4. Nxe4 Bf5 5. Nc3 e6 6. Nf3 Nd7 7. Bc4 Ngf6 8. 0-0 Rc8 9. Bb3 Be7 10. Bg5 0-0 11. Qe2 Re8 12. Rad1 Nb6 13. Ne5 Nfd5 14. Bxe7 Nxc3 15. bxc3 Qxe7 16. f4 h6 17. Qh5 Nd5 18. Qf3 a6 19. Rd2 b5 20. a4 Red8 21. c4 bxc4 22. Bxc4 Qb4 23. Qe2 Nc3 24. Qh5 Rc7 25. g4 Nd5 26. Re2 Bxg4 27. Qxg4 Nf6 28. Qg2 Qxa4 29. Bb3 Qb5 30. Rd2 Nd5 31. Bxd5 cxd5 32. Rfd1 Ra8 33. Ra1 Qb2 34. Rdd1 Rxc2 35. Qf1 Rxh2 36. Nf3 Rc2 37. Rab1 Qa3 38. Ra1 Qd6 39. Rdc1 Rxc1 40. Rxc1 Qxf4 41. Ra1 Qg3+ 42. Qg2 Qd6 43. Ne5 Qc7 44. Qf1 g5 45. Rxa6 Rxa6 46. Qxa6 Qc1+ 47. Qf1 Qxf1+ 48. Kxf1 Kg7 49. Kf2 f6 50. Nf3 g4 51. Nh4 h5 52. Kg3 e5 53. dxe5 fxe5 54. Nf5+ Kf6 55. Ne3 d4 56. Nc2 d3 57. Ne3 Kg5 58. Kf2 h4 59. Nc4 Kf4 60. Kg2 h3+ 61. Kh2 e4 62. Nd2 e3 63. Nf1 e2 64. Ng3 e1Q 65. Nf1 Qf2+ 66. Kh1 Qg2# 0-1

[Event "Berlin op 05"]
[Site "Berlin"]
[Date "2006.05.27"]
[Round "5"]
[White "Kowarsch, Heiner"]
[Black "Querengaesser, Max"]
[Result "1-0"]
[WhiteElo "1008"]
[BlackElo "1386"]
[PlyCount "51"]
[EventDate "2006.05.24"]
[EventType "swiss"]
[EventRounds "7"]
[EventCountry "GER"]
[SourceTitle "EXT 2007"]
[Source "ChessBase"]
[SourceDate "2006.11.23"]
[SourceVersion "1"]
[SourceVersionDate "2006.11.23"]
[SourceQuality "1"]

1. e4 c5 2. Nf3 Nc6 3. d4 cxd4 4. Nxd4 Nf6 5. Nc3 e5 6. Nb3 Bb4 7. Bd3 Bxc3+ 8. bxc3 0-0 9. Bg5 d6 10. 0-0 Bg4 11. Be2 Be6 12. Rb1 h6 13. Bxf6 Qxf6 14. Qxd6 Rfd8 15. Qa3 b6 16. Rfd1 Qg6 17. Bf3 f5 18. Qa4 Rxd1+ 19. Rxd1 Na5 20. Nxa5 bxa5 21. exf5 Bxf5 22. Bxa8 Bxc2 23. Rd8+ Kh7 24. Qe8 Qg5 25. g3 e4 26. Bxe4+ 1-0